Normal view
MARC view
- Ministry of International Trade and Industry.
Entry Corporate Name
001 - CONTROL NUMBER
- control field: 8701
003 - CONTROL NUMBER IDENTIFIER
- control field: OSt
005 - DATE AND TIME OF LATEST TRANSACTION
- control field: 20170530143659.0
008 - FIXED-LENGTH DATA ELEMENTS
- fixed length control field: 170530|| aca||aabn | a|a d
040 ## - CATALOGING SOURCE
- Original cataloging agency: OSt
- Transcribing agency: OSt
110 ## - HEADING--CORPORATE NAME
- Corporate name or jurisdiction name as entry element: Ministry of International Trade and Industry.
670 ## - SOURCE DATA FOUND
- Source citation: Work cat.: (OSt)2264: Malaysia and the WTO ., [?]

PORTAL AKMAL
E-MEL JKDM
AKMAL2U
G-BAM
u-PUSTAKA